000
00281nam a22001337a 4500
008
171005b xxu||||| |||| 00| 0 eng d
020
_a
9780879016449
041
_a
eng
080
_a
159.9
100
_a
48
101
_a
PSI
245
_a
PSYCHOLOGY
_c
MYERS.D.G
942
_2
udc
_c
BK
999
_c
31838
_d
31838